250124 - Quiz quotidien du 24 janvier 2025 - Statistiques

Statistiques générales
  • Ce quiz a été pris 34 fois
  • Le résultat moyen est 5 sur 10
Statistiques - réponses
Question Réponse % Correct
Quel est le plus petit pays du monde par superficie et population ? Cité du Vatican
91%
Que fit le pape Grégoire XIII en 1583 ? Réformer le calendrier
91%
Qui choisit le pape ? Le collège des cardinaux
73%
Lequel de ces noms n'a pas été utilisé par au moins 5 papes ? Jacob
55%
Où est né le pape Jean-Paul II ? Pologne
55%
Située à l'intérieur du Vatican, quelle est la plus grande église du monde ? Basilique Saint-Pierre
45%
Que fit le pape Benoît XVI en 2013 ? Abdiquer
36%
Lequel de ces éléments est représenté sur le drapeau du Vatican ? Clés
27%
Quelle est la résidence officielle du pape ? Palais apostolique
27%
En 1493, le pape Alexandre VI donna la moitié du Nouveau Monde à l'Espagne. À qui donna-t-il l'autre moitié ? Portugal
27%
Aucun quiz correspondant
Distribution des résultats
% des personnes avec chaque résultat
Percentile par nombre de réponses
Votre historique - résultats
Vous n’avez pas pris ce quiz